000 00560nam a2200193Ia 4500
005 20250508150558.0
008 008 250505s9999 xx 000 0 eng d
037 _aTextual
040 _aFEDL
_beng
_cFEDL
041 _aeng
_2eng
084 _a155.413, PIA
_qFEDL
100 _aPiaget Jean
245 0 _aChild's conception of physical causality
260 _aLondon, UK
_bKegan Paul, Trench, Trubner and Co. Ltd
_c1930
300 _aviii,309p.
650 _aChild Psychology
942 _cTEXL
_h155.413, PIA
999 _c1324371
_d1324371